Catálogo público

40 Q&A sobre sanidad y producción apícola / (Record no. 219292)

MARC details
000 -CABECERA
campo de control de longitud fija 03785nam a2200409 a 4500
003 - IDENTIFICADOR DEL NÚMERO DE CONTROL
campo de control CHAP
005 - FECHA Y HORA DE LA ÚLTIMA TRANSACCIÓN
campo de control 20240130131257.0
007 - CAMPO FIJO DE DESCRIPCIÓN FÍSICA--INFORMACIÓN GENERAL
campo de control de longitud fija ta
008 - DATOS DE LONGITUD FIJA--INFORMACIÓN GENERAL
campo de control de longitud fija 231019s2018 SP ao||fr|||| 001 0 spa d
020 ## - NÚMERO INTERNACIONAL ESTÁNDAR DEL LIBRO
Número Internacional Estándar del Libro 978-84-17225-32-2
040 ## - FUENTE DE LA CATALOGACIÓN
Centro catalogador/agencia de origen Z
Centro/agencia transcriptor CHAP
Normas de descripción rda
082 00 - NÚMERO DE LA CLASIFICACIÓN DECIMAL DEWEY
Número de clasificación 637.15
Número de documento/Ítem M43 2018
Número de edición 20
100 1# - ENTRADA PRINCIPAL--NOMBRE DE PERSONA
9 (RLIN) 188165
Nombre de persona Meana Mañes, Aránzazu
Término indicativo de función/relación autor
245 17 - MENCIÓN DE TÍTULO
Título 40 Q&A sobre sanidad y producción apícola /
Mención de responsabilidad, etc. Aránzazu Meana Mañes, Mariano Higes Pascual y Raquel Martín Hernández
246 3# - FORMA VARIANTE DE TÍTULO
Título propio/Titulo breve Cuarenta Q y A sobre sanidad y producción apícola
264 #1 - PRODUCCIÓN, PUBLICACIÓN, DISTRIBUCIÓN, FABRICACIÓN Y COPYRIGHT
Producción, publicación, distribución, fabricación y copyright Zaragiza, España:
Nombre del de productor, editor, distribuidor, fabricante Grupo Asis Biomedia. Servet,
Fecha de producción, publicación, distribución, fabricación o copyright 2018
300 ## - DESCRIPCIÓN FÍSICA
Extensión xiv, 176 páginas:
Otras características físicas ilustraciones, fotografías
336 ## - TIPO DE CONTENIDO
Fuente rdacontent
Término de tipo de contenido texto
Código de tipo de contenido txt
337 ## - TIPO DE MEDIO
Fuente rdamedia
Nombre/término del tipo de medio sin medio
Código del tipo de medio n
338 ## - TIPO DE SOPORTE
Fuente rdacarrier
Nombre/término del tipo de soporte volumen
Código del tipo de soporte nc
500 ## - NOTA GENERAL
Nota general ej.1: consumo
505 ## - NOTA DE CONTENIDO CON FORMATO
Información miscelánea 1. Q&A de bases de la apicultura.-- 1. ¿Por qué la abeja es un animal ganadero?.--2.¿Qué toman las abejas de las flores?.-- 3 ¿Qué es el polietismo?.-- 2. Q&A de producción.-- Introducción.-- 4. ¿Qué es una colmena movilista?.-- 5. ¿Qué tipo de colmena es la mejor?.-- 6. ¿Qué es la cera estampada?.-- 7. ¿Cuándo debo revisar las colmenas?.-- 8. ¿Pongo el colmenar a la sombra?.-- 9. ¿Cómo multiplico colmenas?.-- 10. ¿Cuándo compro un camión para la explotación?.-- 11. ¿Cómo extraigo la miel?.-- 12. ¿Qué es la aplicultura ecológica?.-- 13. ¿Cómo puedo criar reinas?.-- 14 ¿Qué miel es la mejor?.-- 15. ¿Cuando se obtiene jalea real?.-- 16. ¿Para qué sirve el polen?.-- 3. Q&A de sanidad.-- Introducción.-- 17. ¿Qué debo mirar al inspeccionar un colmenar?.-- 18. ¿Cómo obtengo las muestras en un colmenar?.-- 19. ¿Qué veo a simple vista en la muestras de abejas?.-- 20. ¿Son los plaguicidas la principal amenaza de las anejas melíferas?.-- 21¿Cómo respiran las varroas?.-- 22. ¿Cómo vive Varroa?.-- 23. ¿Qué efecto tiene Varroa en las colmenas?.-- 24. ¿Cómo evalúo la vorroosis?.-- 25. ¿Cuándo puede aparecer una gran infestación de Varroa?.-- 26. ¿Cómo controlo la varroosis?.-- 27. ¿Qué es la acarapisosis?.-- 28. ¿Cpomo es Nosema?.-- 29. ¿Cómo afecta Nosema a las abejas?.-- 30. ¿Qué efecto tiene Nosema en las colmenas?.-- 31. ¿Cómo evalúo la nosemosis?.-- 32. ¿Cuándo puede aparecer la nosemosis C y qué puedo hacer?.-- 33. ¿Que son los tripanosomátidos?.-- 34. ¿Qué son los neogregarinos?.-- 35. ¿Es la loque una enfermedad grave?.-- 36. ¿Cómo controlo la ascosferosis?.-- 37. ¿Qué virus tienen las abejas adultas?.-- 38. ¿Qué virus afectan a la cría?.-- 39. ¿Qué hago con las avispas?. 40. ¿Que otros agentes pueden afectar a la colmena?
520 ## - SUMARIO, ETC.
Sumario, etc. Obra eminentemente práctica concebida para mostrar a los profesionales del sector los aspectos más importantes de la producción apícola. La información se presenta de un modo totalmente diferente mediante preguntas y respuestas que pretenden estimular la curiosidad del lector y afianzar la adquisición de los conocimientos. La información se estructura en tres grandes capítulos que engloban las bases de la apicultura, la producción apícola y la sanidad de las abejas. Sus mas de 200 imágenes le confieren un carácter eminentemente práctico que sin duda será de gran interés para profesores experimentados y para quienes se inician en este campo.
534 ## - NOTA SOBRE LA VERSIÓN ORIGINAL
Frase introductoria Título original:
650 13 - PUNTO DE ACCESO ADICIONAL DE MATERIA--TÉRMINO DE MATERIA
9 (RLIN) 6241
Término de materia o nombre geográfico como elemento de entrada Apicultura
650 13 - PUNTO DE ACCESO ADICIONAL DE MATERIA--TÉRMINO DE MATERIA
9 (RLIN) 182
Término de materia o nombre geográfico como elemento de entrada Abejas
Subdivisión general Enfremedades
650 13 - PUNTO DE ACCESO ADICIONAL DE MATERIA--TÉRMINO DE MATERIA
9 (RLIN) 143228
Término de materia o nombre geográfico como elemento de entrada Abejas melíferas
650 10 - PUNTO DE ACCESO ADICIONAL DE MATERIA--TÉRMINO DE MATERIA
9 (RLIN) 168170
Término de materia o nombre geográfico como elemento de entrada Abejas
Subdivisión general Enfermedades Colmenas
700 1# - PUNTO DE ACCESO ADICIONAL--NOMBRE DE PERSONA
9 (RLIN) 188173
Nombre de persona Higes Pascual, Mariano
Término indicativo de función/relación autor
700 1# - PUNTO DE ACCESO ADICIONAL--NOMBRE DE PERSONA
9 (RLIN) 188175
Nombre de persona Martín Hernández, Raquel
Término indicativo de función/relación autor
942 ## - ELEMENTOS DE PUNTO DE ACCESO ADICIONAL (KOHA)
Fuente del sistema de clasificación o colocación Dewey Decimal Classification
942 ## - ELEMENTOS DE PUNTO DE ACCESO ADICIONAL (KOHA)
Fuente del sistema de clasificación o colocación Dewey Decimal Classification
942 ## - ELEMENTOS DE PUNTO DE ACCESO ADICIONAL (KOHA)
Fuente del sistema de clasificación o colocación Dewey Decimal Classification
942 ## - ELEMENTOS DE PUNTO DE ACCESO ADICIONAL (KOHA)
Fuente del sistema de clasificación o colocación Dewey Decimal Classification
942 ## - ELEMENTOS DE PUNTO DE ACCESO ADICIONAL (KOHA)
Fuente del sistema de clasificación o colocación Dewey Decimal Classification
942 ## - ELEMENTOS DE PUNTO DE ACCESO ADICIONAL (KOHA)
Tipo de ítem Koha Libro
Holdings
Estado de retiro Estado de pérdida Fuente del sistema de clasificación o colocación Estado dañado Restricciones de uso No para préstamo Código de colección Localización permanente Ubicación/localización actual Fecha de adquisición Fuente de adquisición Coste, precio normal de compra Número de inventario Total de préstamos Signatura topográfica completa Código de barras Fecha visto por última vez Número de copia Precio válido a partir de Tipo de ítem Koha
    Dewey Decimal Classification   Préstamo interno   General Zootecnia Zootecnia 13/12/2021 Compra por licitación Factura n. 237 2210.00 Consumo   637.15 M43 2018 5102007389 19/10/2023 Ej.1 19/10/2023 Libro